02081nam a2200277 i 4500001001000000003000900010005001700019007000300036008004100039020001800080040003000098082002900128100003100157245007000188264006700258300004400325336002700369337003300396338002800429500007000457500004200527504003200569505106400601651006901665651006901734000038256DO-SdBNP20260511113815.0ta130405s2011 dr ac 000 0 spa d a9789945877007 aDO-SdBNPbspacBNPHUerda a327.729307294bR696n2221 aRodríguez, Manueleautor14aLas nuevas relaciones Domínico-Haitianas /cManuel Rodríguez. aSanto Domingo :bCentro de Información Gubernamental,c2011. a275 páginas :bils., retrs. ;c24 cm. ardacontentbtexto2txt ardamediabsin mediación2n ardacarrierbvolumen2nc aIncluye datos biográficos del autor en la solapa de la cubierta aIncluye notas al pie de las páginas aBibliografía : p. 265-275 aLos primeros pobladores de Haití 15|Isla La Tortuga 22|Fundación del Estado haitiano 33|Conflicto domínico-haitiano de 1937 55|Terremoto del 12 de enero de 2010 y ayuda del gobierno dominicano 69|Entrevista a dominicana que amamantó a niños haitianos 84|Ayuda del sector privado y ONG 92|Reconocimiento al gobierno dominicano en el exterior 95|Cumbres por la reconstrucción de Haití 103|Declaración de Santo Domingo 105|Segunda cumbre en Montreal (enero de 2010) 108|Declaración Montreal 109|Tercera cumbre en Santo Domingo (marzo de 2010) 114|Declaración oficial de los copresidentes 115|Cuarta cumbre en Nueva York (marzo de 2010) 120|Declaración oficial de la cumbre de Nueva York 122|Declaración cumbre mundial sobre el futuro de Haití. Solidaridad más allá de la crisis 138|Comercio domínico-haitiano 143|Mercados binacionales 146|Características de los mercados binacionales 150|Ventajas de los mercados binacionales 153|Las nuevas relaciones domínico-haitianas 157|Apéndice 181|Galería de fotos del terremoto 225 7aHaitíxRelaciones exterioreszRepública Dominicana2LIBRUNAM 7aRepública DominicanaxRelaciones exterioreszHaití2LIBRUNAM